057_ Personnalités nées un 26 février par images - Statistiques

Statistiques générales
  • Ce quiz a été pris 45 fois
    4 depuis la dernière actualisation
  • Le résultat moyen est 8 sur 12
Statistiques - réponses
Par images Hint Réponse % Correct
Chanteuse Hélène Ségara
100%
Actrice et Vidéaste Laura Felpin
100%
Footballeur Pepe
100%
Pilote de rallye Sébastien Loeb
100%
Écrivain Victor Hugo
100%
Dirigeant Politique Recep Tayyip Erdoğan
75%
Humoriste Thomas Deseur
75%
Animateur Emmanuel Levy
50%
Chanteuse Koxie
50%
Acteur, Homme d'affaires et Forain Buffalo Bill
25%
Homme d'affaires Levi Strauss
25%
Humoriste Virginie Lemoine
25%
Aucun quiz correspondant
Distribution des résultats
% des personnes avec chaque résultat
Percentile par nombre de réponses
Votre historique - résultats
Vous n’avez pas pris ce quiz depuis la dernière actualisation